Normal view MARC view

Entry Nombre personal

Number of records used in: 4

001 - NÚMERO DE CONTROL

  • campo de control: 27128

003 - IDENTIFICADOR DE NÚMERO DE CONTROL

  • campo de control: BJBSDDR

005 - FECHA Y HORA DE LA ÚLTIMA TRANSACCIÓN

  • campo de control: 20260424100209.0

008 - ELEMENTOS DE DATO DE LONGITUD-FIJA

  • campo de control de longitud fija: 230120|| aca||aabn | a|a d

040 ## - FUENTE DE CATALOGACIÓN

  • Centro catalogador/agencia de origen: BJBSDDR

100 0# - ENCABEZAMIENTO-NOMBRE DE PERSONA

  • Nombre de persona: Leonardo da Vinci,
  • Fechas asociadas al nombre: 1452-1519